Transactions of the Social Union : Formed for the improvement of civil society.

Bibliographic Details
Corporate Author: Social Union
Other Authors: Young, Robert, social reformer
Format: eBook
Language:English
Published: London : Sold by T. Becket; J. Johnson; Debrett; T. Hookham; and White and Son, 1790.
Series:Eighteenth century collections online.
Online Access:Full text online

MARC

Tag First Indicator Second Indicator Subfields
LEADER 00000cam a2200000 4500
001 in00001900935
006 m | d |
007 cr |n||||||||n
008 880229s1790 enk|||| s 00||||eng d
005 20260403171925.8
035 |a (CStRLIN)ESTCT176889 
040 |a Uk-ES  |c Uk-ES  |d Cu-RivES  |d CStRLIN  |d Thomson Gale  |d UtOrBLW 
110 2 |a Social Union. 
245 1 0 |a Transactions of the Social Union :  |b Formed for the improvement of civil society. 
264 1 |a London :  |b Sold by T. Becket; J. Johnson; Debrett; T. Hookham; and White and Son,  |c 1790. 
300 |a 12p. ;  |c 4⁰. 
336 |a text  |b txt  |2 rdacontent 
337 |a computer  |b c  |2 rdamedia 
338 |a online resource  |b cr  |2 rdacarrier 
500 |a Signed and dated at end: Robert Young. London, 27th April, 1790. 
500 |a Reproduction of original from the Bodleian Library (Oxford). 
510 4 |a English Short Title Catalog,  |c ESTCT176889. 
533 |a Electronic reproduction.  |b Farmington Hills, Mich. :  |c Thomson Gale,  |d 2003.  |n Available via the World Wide Web.  |n Access limited by licensing agreements  |7 s2003 miunns 
500 |a Electronic resource. 
700 1 |a Young, Robert,  |c social reformer. 
830 0 |a Eighteenth century collections online. 
856 4 0 |u http://proxy.library.tamu.edu/login?url=https://galenet.galegroup.com/servlet/ECCO?c=1&stp=Author&ste=11&af=BN&ae=T176889&tiPG=1&dd=0&dc=flc&docNum=CW107395040&vrsn=1.0&srchtp=a&d4=0.33&n=10&SU=0LRL+OR+0LRI&locID=txshracd2898  |z Full text online  |t 0 
999 |a MARS 
999 f f |s 3258d08e-0cdb-3b24-b549-426d0a8fcd17  |i bcad629c-b14a-3884-8c42-35efeaa0356e  |t 0 
952 f f |a Texas A&M University  |b College Station  |c Electronic Resources  |s www_evans  |d Available Online  |t 0  |h No information provided 
998 f f |t 0  |l Available Online